<?xml version="1.0" encoding="UTF-8"?>
<marc:record xmlns:marc="http://www.loc.gov/MARC21/slim">
   <marc:leader>00000nam a2200000 a 4500</marc:leader>
   <marc:datafield ind1="1" ind2=" " tag="100">
      <marc:subfield code="a">Schmitz, Friederike</marc:subfield>
      <marc:subfield code="4">aut</marc:subfield>
      <marc:subfield code="e">Verfasser/-in</marc:subfield>
   </marc:datafield>
   <marc:datafield ind1="0" ind2="0" tag="245">
      <marc:subfield code="a">Tierethik</marc:subfield>
   </marc:datafield>
   <marc:datafield ind1="0" ind2="0" tag="245">
      <marc:subfield code="c">Friederike Schmitz</marc:subfield>
   </marc:datafield>
   <marc:datafield ind1=" " ind2="1" tag="264">
      <marc:subfield code="a">Münster</marc:subfield>
      <marc:subfield code="b">compassion media</marc:subfield>
      <marc:subfield code="c">2020</marc:subfield>
   </marc:datafield>
   <marc:datafield ind1=" " ind2=" " tag="250">
      <marc:subfield code="a">4. Aufl.</marc:subfield>
   </marc:datafield>
   <marc:datafield ind1="1" ind2=" " tag="520">
      <marc:subfield code="a">Gehören alle Schlachthöfe abgeschafft? Spricht etwas dagegen, sich einen Hund zu kaufen? Ist es richtig, an Mäusen Medikamente zu testen? Die Meinungen zum richtigen Umgang mit Tieren gehen weit auseinander. / Die Gründe für die unterschiedlichen Positionen untersucht eine eigenständige philosophische Disziplin: die Tierethik. In dieser verständlichen Einführung schildert die Philosophin Friederike Schmitz die jüngste Entwicklung der Debatte und erklärt die Argumente zu den wichtigsten praktischen Fragen. Das Buch ist der perfekte Einstieg für alle, die sich systematisch und aus ethischer Perspektive mit unserem Umgang mit Tieren beschäftigen möchten. / / AUS DEM INHALT: / / Einleitung 1 / 1. Um wen geht es? / Leben und Erleben von Tieren 15 / 2. Geschichte der Tierethik 35 / 3. Sind Tierversuche fälsch? 47 / 4. Peter Singer: Gleiche / Interessenberücksichtigung 61 / 5. Dürfen wir Tiere töten? 73 / 6. Tom Regans Rechte-Theorie 85 / 7. Brauchen Tiere Freiheit? 97 / 8. Vereinheitlichende Theorien / und Kritik daran 117 / 9. Was schulden wir Wildtieren? 135 / 10. Alternative Ansätze / und die Rolle der Vernunft 151 / 11. Was können wir für Tiere tun? 169 / 12. Von Ethik zu Gesellschaftskritik / und politischer Theorie 191 / Dank 212 /</marc:subfield>
   </marc:datafield>
   <marc:datafield ind1=" " ind2=" " tag="020">
      <marc:subfield code="a">9783981642551</marc:subfield>
      <marc:subfield code="9">9783981642551</marc:subfield>
   </marc:datafield>
   <marc:datafield ind1=" " ind2=" " tag="020">
      <marc:subfield code="a">3981642554</marc:subfield>
      <marc:subfield code="9">3981642554</marc:subfield>
   </marc:datafield>
   <marc:datafield ind1=" " ind2=" " tag="300">
      <marc:subfield code="a">211 S., kart.</marc:subfield>
   </marc:datafield>
</marc:record>
